Clubs de football commençant par E - Statistiques

Statistiques générales
  • Ce quiz a été pris 436 fois
  • Le résultat moyen est 7 sur 12
Statistiques - réponses
Par images Réponse % Correct
Everton
98%
Espanyol Barcelone
87%
Étoile Rouge de Belgrade
82%
Eintracht Francfort
80%
En Avant Guingamp
79%
Eibar
74%
Empoli
69%
Elche
63%
Estudiantes de La Plata
26%
Estoril Praia
11%
Elfsborg
10%
Espérance sportive de Tunis
9%
Aucun quiz correspondant
Distribution des résultats
% des personnes avec chaque résultat
Percentile par nombre de réponses
Votre historique - résultats
Vous n’avez pas pris ce quiz